000 02048nam a2200349 i 4500
001 000000558
003 DO-SdBNP
005 20250618133503.0
007 ta
008 081030s2016 dr ac 001 0bspa d
020 _a9789945410884
040 _aDO-SdBNP
_bspa
_cBNPHU
082 4 _a923.17293
_bT866R
_222
100 1 _aRead Vittini, Mario,
_d1926-2010
_eautor
_91841
245 1 0 _aTrujillo de cerca /
_cMario Read Vittini ; prólogo Manuel Núñez
264 _aSanto Domingo :
_bLetra Gráfica,
_c2016.
300 _a423 páginas :
_bilustraciones, retratos ;
_c24 cm.
336 _2rdacontent
_atexto
_btxt
337 _2rdamedia
_asin mediación
_bn
338 _2rdacarrier
_avolumen
_bnc
490 0 _aVintage Books
500 _aIncluye índice onomástico
500 _aIncluye datos biográficos del autor en la solapa dela cubierta
505 0 _tPrólogo /
_rManuel Núñez --
_tAlgunas palabras necesarias --
_tDatos generales sobre Trujillo y su régimen --
_t¿Quién era Trujillo? --
_tMis relaciones con Trujillo --
_tMi situación con Trujillo --
_tLa situación económica, social y política de la República al ascenso de Trujillo al poder --
_tEl lado oscuro del régimen --
_tLas actividades internacionales --
_tLa parte positiva --
_tTrujillo y la iglesia --
_tLos monumentos y la prensa --
_tLa administración --
_tLa cultura, las artes y el deporte --
_tTrujillo fiestero --
_tRebeldía y sanción --
_tLa lucha clandestina y el asilamiento --
_tEl exilio --
_tEl atentado --
_tEl regreso --
_tReflexión final --
_tÍndice onomástico --
_tCarta que dirigió Modesto Díaz a su familia pocos días antes de ser asesinado en la hacienda María.
590 _aInventariado, 2023/MFF
600 1 0 _aTrujillo Molina, Rafael Leónidas,
_d 1891-1961
_976764
651 4 _aRepública Dominicana
_xPolítica gobierno
_y1930-1961
_984413
651 4 _aRepública Dominicana
_xPolítica y gobierno
_y1961-
_9204
700 1 2 _aNúñez, Manuel,
_d1957-
_eprólogo
_92366
910 _aDG. Validado. Control de calidad MFF
942 _2ddc
_cLBS1
999 _c52760
_d52760